Microsoft Office Word 2003: Quick Course 1 of 3 (Record no. 8142)
[ view plain ]
| 000 -LEADER | |
|---|---|
| fixed length control field | 00479nam a22001577a 4500 |
| 005 - DATE AND TIME OF LATEST TRANSACTION | |
| control field | 20251108113720.0 |
| 008 - FIXED-LENGTH DATA ELEMENTS--GENERAL INFORMATION | |
| fixed length control field | 251108b |||||||| |||| 00| 0 eng d |
| 020 ## - INTERNATIONAL STANDARD BOOK NUMBER | |
| International Standard Book Number | 9781591360339 |
| 050 ## - LIBRARY OF CONGRESS CALL NUMBER | |
| Classification number | Z52.5 |
| Item number | .M52 |
| 100 ## - MAIN ENTRY--PERSONAL NAME | |
| Personal name | Murphy, Jill |
| 245 ## - TITLE STATEMENT | |
| Title | Microsoft Office Word 2003: Quick Course 1 of 3 |
| Statement of responsibility, etc. | Jill Murphy & Russel Stolins |
| 260 ## - PUBLICATION, DISTRIBUTION, ETC. | |
| Place of publication, distribution, etc. | El Sobrante, CA |
| Name of publisher, distributor, etc. | Labyrinth Publications |
| Date of publication, distribution, etc. | 2004 |
| 300 ## - PHYSICAL DESCRIPTION | |
| Extent | xxii. 252p. |
| Other physical details | ill. |
| Dimensions | 27.5cm |
| 700 ## - ADDED ENTRY--PERSONAL NAME | |
| Personal name | Stolins, Russel |
| 942 ## - ADDED ENTRY ELEMENTS (KOHA) | |
| Source of classification or shelving scheme | Library of Congress Classification |
| Koha item type | Books |
| Suppress in OPAC | No |
| 999 ## - | |
| -- | 8142 |
| -- | 8142 |
| Withdrawn status | Lost status | Source of classification or shelving scheme | Damaged status | Not for loan | Collection | Home library | Current library | Shelving location | Date acquired | Total checkouts | Full call number | Barcode | Date last seen | Copy number | Price effective from | Koha item type |
|---|---|---|---|---|---|---|---|---|---|---|---|---|---|---|---|---|
| Library of Congress Classification | Non-fiction | Science Library (Miotso) | Science Library (Miotso) | General stacks | 11/08/2025 | Z52.5 .M52 MUR | SLM00005577 | 11/08/2025 | 1 | 11/08/2025 | Books | |||||
| Library of Congress Classification | Non-fiction | Science Library (Miotso) | Science Library (Miotso) | General stacks | 11/08/2025 | Z52.5 .M52 MUR | SLM00005578 | 11/08/2025 | 2 | 11/08/2025 | Books | |||||
| Library of Congress Classification | Non-fiction | Science Library (Miotso) | Science Library (Miotso) | General stacks | 11/22/2025 | Z52.5 .M52 MUR | SLM00006036 | 11/22/2025 | 3 | 11/22/2025 | Books | |||||
| Library of Congress Classification | Non-fiction | Science Library (Miotso) | Science Library (Miotso) | General stacks | 11/22/2025 | Z52.5 .M52 MUR | SLM00006037 | 11/22/2025 | 4 | 11/22/2025 | Books | |||||
| Library of Congress Classification | Non-fiction | Science Library (Miotso) | Science Library (Miotso) | General stacks | 11/22/2025 | Z52.5 .M52 MUR | SLM00006038 | 11/22/2025 | 5 | 11/22/2025 | Books | |||||
| Library of Congress Classification | Non-fiction | Science Library (Miotso) | Science Library (Miotso) | General stacks | 11/22/2025 | Z52.5 .M52 MUR | SLM00006039 | 11/22/2025 | 6 | 11/22/2025 | Books | |||||
| Library of Congress Classification | Non-fiction | Science Library (Miotso) | Science Library (Miotso) | General stacks | 11/22/2025 | Z52.5 .M52 MUR | SLM00006040 | 11/22/2025 | 7 | 11/22/2025 | Books |